000 00206nam a22000857a 4500
001 1235345
005 20250930125450.0
245 _aÇALINAN KENT
_cGÜLSEVİN KIRAL
260 _bGÜNIŞIĞI KİTAPLIĞI YAYINLARI
999 _c1235345
_d1235345